Las víctimas invisibles de la violencia familiar (Registro nro. 1204)

Detalles MARC
000 -Cabecera
Campo de control de longitud fija 00636aam a2200241 4500
005 - Fecha y hora de la última transacción
Campo de control 20250812174146.0
008 - Elementos de longitud fija--Información general
Campo de control de longitud fija 150605b2002 xxu||||| |||| 00| 0 spa d
020 ## - International Standard Book Number
Número Internacional Estándar del Libro (ISBN) 9788449312731
041 ## - Idioma
Código de idioma Español
082 ## - Clasificación Decimal Dewey
Número de clasificación 362.8292 G216v
100 ## - Entrada principal--Autor personal
Nombre personal Gracia Fuster, Enrique
9 (RLIN) 23709
245 ## - Título propiamente dicho
Título Las víctimas invisibles de la violencia familiar
260 ## - Pie de imprenta
Lugar de publicación, distribución, etc. España
260 ## - Pie de imprenta
Nombre del editor, distribuidor, etc. Paidos
260 ## - Pie de imprenta
Fecha de publicación, distribución, etc. 2002
300 ## - Descripción física
Extensión 129 páginas
490 ## - Serie
Título de la Serie Investigación Criminal
650 ## - Materia general
Temática (materia general) VIOLENCIA FAMILIAR
650 ## - Materia general
Temática (materia general) MALTRATO INTRAFAMILIAR
650 ## - Materia general
Temática (materia general) MALTRATO INFANTIL
650 ## - Materia general
Temática (materia general) MALTRATO DE ANCIANOS
942 ## - Punto de acceso adicional KOHA
Tipo de ítem KOHA Libro
Fuente del sistema de clasificación o colocación Dewey Decimal Classification
Existencias
Signatura completa Código de barras Programa Académico Tipo de ítem
362.8292 G216v 10005 Investigación Criminal Libro